00306nam a2200133Ia 4500008004100000020001500041041001200056100001500068245003800083250000800121260002800129300000800157650000700165221030s9999 xx 000 0 und d a8188458066 aEnglish aK. M. Soni 0aCircuits & Systemscby K. M. Soni a9th bKatsonaNew Delhic2014 a762 aEE